00769nam a2200241Ia 4500008004100000020002200041050002400063050001600087100002300103245001200126245002500138245004400163260001800207260001700225260000900242300001600251300001100267500003900278650002800317650004000345999001900385952012300404191119s9999 xx 000 0 und d a978-621-406-164-8 aFIL DS 675.8 .R5F73 b.R5F73 2018 aFrancisco, Virlyn. 0aRizal : 2ba modular approach / 0cVirlyn Francisco, Paul Micah Francisco. aPhilippines : bMindshapers, c2018 a212 pages : c26 cm. aIncludes bibliographic references. aRizal, Jose, 1861-1896. xHeroes -- Philippines -- Biography. c363110d363110 001040aSMCbSMCcFILd2019-08-08g375.00l0oFIL DS 675.8 .R5F73 2018pSMC06245r2020-06-01 00:00:00w2020-06-01yBK